Top Goal Scorer By Each Club - 2021/22 - Statistics

General Stats
  • This quiz has been taken 27 times
  • The average score is 12 of 16
Answer Stats
Team Goals Player 1 % Correct
Real Madrid 44 Karim Benzema
100%
Bayern Munich 50 Robert Lewandowski
100%
Dortmund 29 Erling Haaland
95%
Spurs 27 Harry Kane
95%
PSG 39 Kylian Mbappe
95%
Liverpool 31 Mohamed Salah
95%
Manchester United 24 Cristiano Ronaldo
91%
Arsenal 12 Bukayo Saka
73%
Inter Milan 25 Lautaro Martinez
68%
Chelsea 15 Romelu Lukaku
68%
Atletico Madrid 13 Luis Suarez/Angel Correa
64%
Juventus 15 Paulo Dybala
64%
AC Milan 14 Rafael Leao/Olivier Giroud
59%
Manchester City 24 Riyad Mahrez
59%
RB Leipzig 35 Christopher Nkunku
55%
Barcelona 13 Memphis Depay/P.Aubameyang
55%
No matching quizzes found
Score Distribution
Percent of People with Each Score
Percentile by Number Answered
Your Score History
You have not taken this quiz